Arizona highways album : (Record no. 952)

MARC details
000 -LEADER
fixed length control field 00931cam a2200277 a 4500
005 - DATE AND TIME OF LATEST TRANSACTION
control field 20260322212041.0
008 - FIXED-LENGTH DATA ELEMENTS--GENERAL INFORMATION
fixed length control field data
010 ## - LIBRARY OF CONGRESS CONTROL NUMBER
LC control number 86082099
040 ## - CATALOGING SOURCE
Original cataloging agency DLC
Transcribing agency DLC
Modifying agency DLC
043 ## - GEOGRAPHIC AREA CODE
Geographic area code n-us-az
050 00 - LIBRARY OF CONGRESS CALL NUMBER
Classification number F811
Item number .A85 1987
082 00 - DEWEY DECIMAL CLASSIFICATION NUMBER
Classification number 979.1/04
Edition information 19
092 ## - LOCALLY ASSIGNED DEWEY CALL NUMBER (OCLC)
Classification number 979.1 A85 1987
001 - CONTROL NUMBER
control field data
245 00 - TITLE STATEMENT
Title Arizona highways album :
Remainder of title the road to statehood /
Statement of responsibility, etc. edited by Dean Smith, J. Peter Mortimer & Arizona.
260 ## - PUBLICATION, DISTRIBUTION, ETC.
Place of publication, distribution, etc. [Phoenix, Ariz. (2039 W. Lewis Ave., Phoenix 85009) :
Name of publisher, distributor, etc. Arizona Dept. of Transportation,
Date of publication, distribution, etc. c1987]
300 ## - PHYSICAL DESCRIPTION
Extent 176 p. :
Other physical details ill., map, ports. ;
Dimensions 33 cm.
500 ## - GENERAL NOTE
General note "Arizona highways book"--Prelim.
500 ## - GENERAL NOTE
General note Includes index.
651 #0 - SUBJECT ADDED ENTRY--GEOGRAPHIC NAME
Geographic name Arizona
General subdivision History
Chronological subdivision To 1912.
651 #0 - SUBJECT ADDED ENTRY--GEOGRAPHIC NAME
Geographic name Arizona
General subdivision Pictorial works.
651 #0 - SUBJECT ADDED ENTRY--GEOGRAPHIC NAME
Geographic name Arizona
General subdivision Pictorial works.
Chronological subdivision To 1912
General subdivision Pictorial works.
700 1# - ADDED ENTRY--PERSONAL NAME
Personal name Smith, Dean,
Dates associated with a name 1923-
700 1# - ADDED ENTRY--PERSONAL NAME
Personal name Mortimer, J. Peter.
710 2# - ADDED ENTRY--CORPORATE NAME
Corporate name or jurisdiction name as entry element Arizona.
Subordinate unit Dept. of Transportation.
Holdings
Withdrawn status Lost status Damaged status Not for loan Home library Current library Shelving location Date acquired Total checkouts Full call number Barcode Date last seen Price effective from Koha item type
        Centerville Centerville General stacks 22/03/2026   979.1/04 19 BC0010984 22/03/2026 22/03/2026 Books